Comprehensive and Exhaustive Commentary on the Partition Act, 1893/ (Record no. 612990)
[ view plain ]
| 000 -LEADER | |
|---|---|
| fixed length control field | 00384nam a22001337a 4500 |
| 082 ## - DEWEY DECIMAL CLASSIFICATION NUMBER | |
| Classification number | 347.2 |
| Author Mark | KHA |
| 100 ## - MAIN ENTRY--PERSONAL NAME | |
| Personal name | Kharal, Ashfaq Ahmed |
| 245 ## - TITLE STATEMENT | |
| Title | Comprehensive and Exhaustive Commentary on the Partition Act, 1893/ |
| Statement of responsibility, etc. | Ashfaq Ahmed Kharal. |
| 260 ## - PUBLICATION, DISTRIBUTION, ETC. | |
| Place of publication, distribution, etc. | Lahore: |
| Name of publisher, distributor, etc. | Imran Law Book House, |
| Date of publication, distribution, etc. | 2021. |
| 300 ## - PHYSICAL DESCRIPTION | |
| Extent | 340p. ; |
| 563 ## - BINDING INFORMATION | |
| Binding note | HB |
| 650 ## - SUBJECT ADDED ENTRY--TOPICAL TERM | |
| Topical term or geographic name entry element | Law |
| 942 ## - ADDED ENTRY ELEMENTS (KOHA) | |
| Source of classification or shelving scheme | |
| Koha item type | Book |
| 650 ## - SUBJECT ADDED ENTRY--TOPICAL TERM | |
| -- | 35302 |
| Withdrawn status | Lost status | Source of classification or shelving scheme | Damaged status | Not for loan | Permanent Location | Current Location | Date acquired | Total Checkouts | Full call number | Barcode | Date last seen | Price effective from | Koha item type | Source of acquisition |
|---|---|---|---|---|---|---|---|---|---|---|---|---|---|---|
| NUST Law School (NLS) | NUST Law School (NLS) | 02/27/2025 | 347.2 KHA | NLS-129 | 02/27/2025 | 02/27/2025 | Book | |||||||
| NUST Law School (NLS) | NUST Law School (NLS) | 02/27/2025 | 347.2 KHA | NLS-130 | 02/27/2025 | 02/27/2025 | Book | |||||||
| NUST Law School (NLS) | NUST Law School (NLS) | 02/27/2025 | 347.2 KHA | NLS-131 | 02/27/2025 | 02/27/2025 | Book | |||||||
| NUST Law School (NLS) | NUST Law School (NLS) | 06/27/2025 | 347.2 KHA | NLS-2208 | 06/27/2025 | 06/27/2025 | Book | Allied Book Company | ||||||
| NUST Law School (NLS) | NUST Law School (NLS) | 06/27/2025 | 347.2 KHA | NLS-2209 | 06/27/2025 | 06/27/2025 | Book | Allied Book Company | ||||||
| NUST Law School (NLS) | NUST Law School (NLS) | 06/27/2025 | 347.2 KHA | NLS-2210 | 06/27/2025 | 06/27/2025 | Book | Allied Book Company |
